00395nam a2200121Ia 4500008004100000100002100041245005800062260004100120300000800161942000700169999001500176952008200191201217s9999 xx 000 0 und d aBarrett, William 0aTime of need:Forms of imagination in the 20th century aMiddletonbWesleyan University Press a401 cBK c7450d7450 00104070aCLd2020-12-17o901.94 B2741pPM02605r2020-12-17w2020-12-17yBK